Españoles famosos por imagen #2 - Estadísticas

Estadísticas generales
  • Esta prueba ha sido intentada 6.916 veces
  • La puntuación promedio es 12 de 20
Estadísticas de respuestas
Imagen Respuesta % Correcto
Fernando Alonso
92%
Salvador Dalí
92%
Quevedo
88%
Xavier Hernández
87%
Aitana
86%
Alejandro Sanz
82%
Antonio Banderas
77%
Letizia Ortiz
69%
Albert Rivera
68%
El Cid
62%
Mireia Belmonte
61%
Diego Velázquez
60%
Julio Iglesias
54%
Francisco de Goya
44%
Luis Tosar
43%
Isabel I de Castilla
42%
Teresa de Jesús
32%
Luis Buñuel
16%
Josemaría Escrivá
12%
Séneca
11%
No se encontraron pruebas coincidentes
Distribución de puntuación
Porcentaje de gente con cada puntuación
Porcentaje por número respondido
Historial de tus puntuaciones
No has intentado esta prueba.